Race relations : opposing viewpoints
| Other Authors: | |
|---|---|
| Format: | Book |
| Published: |
San Deigo :
Greenhaven Press ,
2001
|
| Subjects: |
MARC
| LEADER | 00000cam a2200000 7i4500 | ||
|---|---|---|---|
| 001 | 0000047102 | ||
| 005 | 20080225.0 | ||
| 020 | |a 0737705205 | ||
| 090 | 0 | 0 | |a 305.800973 |b RAC |
| 245 | 0 | 0 | |a Race relations : |b opposing viewpoints |c Mary E. William |
| 260 | |a San Deigo : |b Greenhaven Press , |c 2001 | ||
| 300 | |a 202p. ; |c 21cm. | ||
| 651 | 0 | |a United States |x Race relations | |
| 651 | 0 | |a United States |x Race relations |x Government policy | |
| 700 | 1 | |a Williams, Mary E. | |
| 999 | |a 113872 |b BUKU |c RUJUKAN |e PERPUSTAKAAN KOMUNITI PETALING JAYA | ||